| 000 | nam a22 7a 4500 | ||
|---|---|---|---|
| 999 |
_c342261 _d342261 |
||
| 003 | NUST | ||
| 005 | 20171215091942.0 | ||
| 008 | 171215b xxu||||| |||| 00| 0 eng d | ||
| 020 | _a8179101924 | ||
| 040 | _c0 | ||
| 082 | _a660.62 MAT | ||
| 100 |
_aMathur,Nupur _97306 |
||
| 245 |
_aIndustrial Microbiology : _ba laboratory manual _cDr.Nupur Mathur |
||
| 260 |
_aJaipur, India _bAavishkar _c2007. |
||
| 300 | _a291p. | ||
| 500 | _aH.B | ||
| 942 |
_2ddc _cBK _kIESE |
||